000 00531nam a2200193Ia 4500
005 20250508163251.0
008 008 250505s9999 xx 000 0 eng d
037 _aTheses
040 _aFEDL
_beng
_cFEDL
041 _aeng
_2eng
084 _a371.95, MAI/TH
_qFEDL
100 _aMaitra Krishna
245 0 _aAffective correlates of the gifted underachievers
260 _c1985
300 _a285p.
546 _aPh. D. Thesis, (Delhi University)
942 _cTH
_h371.95, MAI/TH
999 _c1381902
_d1381902